[Event "Ramat Gan Spring op"]
[Site "Ramat Gan"]
[Date "2023.05.15"]
[Round "2"]
[White "Qasem, Huda"]
[Black "Lampert, Adam"]
[Result "0-1"]
[WhiteElo "1943"]
[BlackElo "1593"]
[PlyCount "129"]
[EventDate "2023.05.01"]
[EventType "swiss"]
[EventRounds "7"]
[EventCountry "ISR"]
[SourceTitle "CBM 215 Extra"]
[Source "ChessBase"]
[SourceDate "2023.09.30"]
[SourceVersion "1"]
[SourceVersionDate "2023.09.30"]
[SourceQuality "1"]

1. e4 e5 2. Nf3 Nc6 3. Bb5 a6 4. Ba4 Nf6 5. Nc3 d6 6. Bxc6+ bxc6 7. d4 exd4 8. Nxd4 Bd7 9. Qf3 c5 10. Nf5 Bxf5 11. exf5 Rb8 12. 0-0 Be7 13. b3 0-0 14. Bb2 d5 15. Rad1 c6 16. Rfe1 Re8 17. Na4 Nd7 18. Qg3 d4 19. Bc1 Nf6 20. c3 Rb7 21. Qd3 Bf8 22. Rxe8 Qxe8 23. Qxa6 Re7 24. cxd4 cxd4 25. Bb2 Re1+ 26. Rxe1 Qxe1+ 27. Qf1 Qd2 28. Qa1 c5 29. Qc1 Qe2 30. f3 Nd5 31. Qf1 Qc2 32. Qc1 d3 33. Qxc2 dxc2 34. Bc1 Nb4 35. Nb2 Nxa2 36. Nd3 c4 37. bxc4 Nxc1 38. Nxc1 Ba3 39. Nd3 c1Q+ 40. Nxc1 Bxc1 41. Kf2 Kf8 42. h4 Ke7 43. g4 Kd6 44. Kg3 Ke5 45. c5 h6 46. c6 Bf4+ 47. Kh3 Kd6 48. g5 hxg5 49. f6 gxf6 50. Kg4 Ke6 51. c7 Bxc7 52. hxg5 fxg5 53. Kxg5 Bd8+ 54. Kf4 Kf6 55. Kg4 Bc7 56. f4 Bb8 57. Kf3 Kf5 58. Kg3 Bxf4+ 59. Kf3 Bc7 60. Ke3 Kg4 61. Kf2 f5 62. Kg2 Kf4 63. Kf2 Ke4 64. Ke2 Bd8 65. Kd2 0-1